000 00565nam a2200217Ia 4500
003 OSt
005 20220926043805.0
006 a|||||r|||| 00| 0
007 ta
008 220923b |||||||| |||| 00| 0 eng d
037 _cGeneral Book
040 _aRTL
_cRTL
_beng
041 _2eng
_aeng
082 _aT4.1, K1
100 _aGilbert Edmund W
_992133
245 0 _aUniversity town in England an West Germany
260 _c1961
650 _aUniversity Education
942 _hT4.1, K1
_cGB
_2CC
999 _c673165
_d673165